| 000 | 01682 a2200277 4500 | ||
|---|---|---|---|
| 003 | Nust | ||
| 005 | 20170207152515.0 | ||
| 010 | _a 2004058946 | ||
| 020 | _a0387231773 (alk. paper) | ||
| 040 | _cNust | ||
| 082 | 0 | 0 | _a621.3827 |
| 245 | 1 | 0 |
_aOptical networks and technologies / _c edited by Ken-Ichi Kitayama, Francesco Masetti-Placci, Giancarlo Prati. _bIFIP TC6/WG6.10 First Optical Networks & Technologies Conference (OpNeTec), October 18-20, 2004, Pisa, Italy ; |
| 260 |
_aNew York : _bSpringer, _c2005. |
||
| 300 |
_axx, 610 p. : _bill. ; _c24 cm. |
||
| 490 | 1 |
_aInternational federation for Information Processing ; _v164 |
|
| 505 | _aPerspectives On Optical Networks And Technologies (Page-1)partA1Optical packet switching/optical burst switching(page 45),Part A2 Routing(page 103)Part A3:GMPLS and network control(page 161) PartA4 traffic engineering(page 219)PartA5 Techniques for optical node(page 271)Part B1 Transmission system(page 305)Part B2 Modulation formats(page 355)Part B3 All optical processing(page 401)Part B4 Photonic devices(page 449)Part B5 Polarization mode dispersion(page 497)Poster Session (Page-535)Index 607 | ||
| 538 | _a Almirah No 26 Shelf No 5 | ||
| 650 | 0 | _aTelecommunication engineering | |
| 700 | 1 | _aKitayama, Ken-Ichi. | |
| 700 | 1 | _aMasetti-Placci, Francesco. | |
| 700 | 1 | _aPrati, Giancarlo. | |
| 710 | 2 | _aInternational Federation for Information Processing. | |
| 830 | 0 | _aInternational Federation for Information Processing (Series) ; | |
| 856 | 4 | 2 |
_3Publisher description _uhttp://www.loc.gov/catdir/enhancements/fy0823/2004058946-d.html |
| 856 | 4 | 2 |
_3Table of contents only _uhttp://www.loc.gov/catdir/enhancements/fy0823/2004058946-t.html |
| 942 | _cREF | ||
| 999 |
_c175997 _d175997 |
||